Komunitná knižnica

Salvato in:
Dettagli Bibliografici
Autore principale: Polák, Matej (Autore)
Altri autori: Provazník, Robert (Relatore della tesi)
Natura: Manoscritto Libro
Lingua:slovacco
Pubblicazione: 2025
Soggetti:
Accesso online:http://is.stuba.sk/zp/portal_zp.pl?podrobnosti=167589
CRZP
Tags: Aggiungi Tag
Nessun Tag, puoi essere il primo ad aggiungerne!!

MARC

LEADER 00000ntm a22000003a 4500
001 stuzp104419
003 SK-STU
005 20250731150341.2
007 ta
008 150427s2015----xo-----f-mn---000-0-slo-d
040 |a STU  |b slo 
041 0 |a slo 
100 1 |a Polák, Matej  |u 010310  |4 aut  |U SvF Stavebná fakulta  |T SvF Katedra architektúry  |X 114971  |U V181|V310  |Y 19  |7 114971 
242 0 1 |a Community library  |y eng 
245 1 0 |a Komunitná knižnica 
260 |c 2025 
650 4 |a udržateľná architektúra  |2 slo 
650 4 |a komunitná knižnica  |2 slo 
650 4 |a architektúra v krajine  |2 slo 
650 4 |a Community library  |2 eng 
650 4 |a landscape architecture  |2 eng 
650 4 |a sustainable architecture  |2 eng 
700 1 |a Provazník, Robert  |u 010310  |k Z1  |4 ths  |U SvF Stavebná fakulta  |T SvF Katedra architektúry  |X 75484  |U V181|V310  |Y 19  |7 75484 
856 4 |u http://is.stuba.sk/zp/portal_zp.pl?podrobnosti=167589 
856 4 |u https://opac.crzp.sk/?fn=detailBiblioForm&sid=C9A1C75A261DD259FA89461E26A3  |z CRZP